Provinces of the Philippines A-Z - Statistics

General Stats
  • This quiz has been taken 116 times
  • The average score is 13 of 18
Answer Stats
Letter Answer % Correct
B Basilan | Bataan | Batanes | Batangas | Benguet | +4
96%
A Abra | Agusan Del Norte | Agusan Del Sur | Aklan | Albay | +3
95%
C Cagayan | Camarines Norte | Camarines Sur | Camiguin | Capiz | +4
94%
L La Union | Laguna | Lanao del Norte | Lanao del Sur | Leyte
76%
I Ifugao | Ilocos Norte | Ilocos Sur | Iloilo | Isabela
74%
P Palawan | Pampanga | Pangasinan
73%
S Samar | Sarangani | Siquijor | Sorsogon | South Cotobato | +5
73%
Q Quezon | Quirino
71%
R Rizal | Romblon
71%
D Davao de Oro | Davao del Norte | Davao del Sur | Davao Occidental | Davao Oriental | +1
69%
Z Zambales | Zamboanga del Norte | Zamboanga del Sur | Zamboanga Sibugay
68%
M Maguindanao del Norte | Maguindanao del Sur | Marinduque | Masbate | Misamis Occidental | +2
67%
T Tarlac | Tawi-Tawi
65%
N Negros Occidental | Negros Oriental | Northern Samar | Nueva Ecija | Nueva Vizcaya
64%
G Guimaras
60%
K Kalinga
60%
E Eastern Samar
49%
O Occidental Mindora | Oriental Mindoro
47%
No matching quizzes found
Score Distribution
Percent of People with Each Score
Percentile by Number Answered
Your Score History
You have not taken this quiz